00322nam a2200133Ia 4500003000400000008004100004020002400045040000800069100001900077245003900096260003100135300001000166365001200176LDD181029s9999 xx 000 0 und d a9748225992cP 59.95 cLDD aGosling, Betty 0aOrigins of thai artcBetty Gosling aBangkokbRiver Booksc2004 a196p. bP 59.95